Koncepcia rozvoja kapitálového trhu v Slovenskej republike
Oficiálny dokument Ministerstva financií Slovenskej republiky o koncepciách rozvoja finančného trhu, trhu tovarov a služieb a trhu práce. Charakteristika súčasného stavu dozoru nad finančným trhom a východiská na vytvorenie nezávislého orgánu dozoru.
Enregistré dans:
| Format: | Chapitre de livre |
|---|---|
| Langue: | slovaque |
| Sujets: | |
| Tags: |
Pas de tags, Soyez le premier à ajouter un tag!
|
MARC
| LEADER | 00000naa a2200000 4500 | ||
|---|---|---|---|
| 001 | r036981 | ||
| 005 | 20230824102252.6 | ||
| 041 | 0 | |a slo | |
| 044 | |a SK | ||
| 245 | 1 | 0 | |a Koncepcia rozvoja kapitálového trhu v Slovenskej republike |
| 520 | |a Oficiálny dokument Ministerstva financií Slovenskej republiky o koncepciách rozvoja finančného trhu, trhu tovarov a služieb a trhu práce. Charakteristika súčasného stavu dozoru nad finančným trhom a východiská na vytvorenie nezávislého orgánu dozoru. | ||
| 610 | 2 | 0 | |a trh kapitálový |
| 610 | 2 | 0 | |a koncepcie |
| 610 | 2 | 0 | |a trh finančný |
| 610 | 2 | 0 | |a Slovensko |
| 610 | 2 | 0 | |a dozor štátny |
| 610 | 2 | 0 | |a orgány štátne |
| 610 | 2 | 0 | |a dokumenty |
| 610 | 2 | 0 | |a MF SR Bratislava |